在生命的盛放处 (Record no. 69852)

000 -LEADER
fixed length control field 00508nam a22001817a 4500
003 - CONTROL NUMBER IDENTIFIER
control field MPLRDC
005 - DATE AND TIME OF LATEST TRANSACTION
control field 20220105061153.0
008 - FIXED-LENGTH DATA ELEMENTS--GENERAL INFORMATION
fixed length control field 210129b ||||| |||| 00| 0 eng d
020 ## - INTERNATIONAL STANDARD BOOK NUMBER
International Standard Book Number 978-986-90605-1-6
082 ## - DEWEY DECIMAL CLASSIFICATION NUMBER
Classification number 192.1 ADY
100 ## - MAIN ENTRY--PERSONAL NAME
Personal name 阿迪亚香提 ADYASHANTI
245 ## - TITLE STATEMENT
Title 在生命的盛放处
Statement of responsibility, etc. 蔡孟璇 译
250 ## - EDITION STATEMENT
Edition statement 初版一刷
260 ## - PUBLICATION, DISTRIBUTION, ETC.
Place of publication, distribution, etc. 台湾
Name of publisher, distributor, etc. 自由之丘文创事业,远足文化事业股份有限公司
Date of publication, distribution, etc. 2014
300 ## - PHYSICAL DESCRIPTION
Other physical details
650 ## - SUBJECT ADDED ENTRY--TOPICAL TERM
Topical term or geographic name entry element 修身
942 ## - ADDED ENTRY ELEMENTS (KOHA)
Koha item type New Book
-- 192.1 ADY

No items available.

© 2022. Malaysian Public Library, Research and Development Centre. All Right ReservedE-mailmplrdc@help.edu.my 

Powered by Koha